[Event "CHN-chT Torch Real Estate Cup"]
[Site "Jiangsu Wuxi"]
[Date "2008.10.30"]
[Round "12"]
[White "Xu, Yuhua"]
[Black "Zhang, Xiaowen"]
[Result "0-1"]
[WhiteElo "2500"]
[BlackElo "2361"]
[PlyCount "72"]
[EventDate "2008.05.19"]
[EventType "team-tourn"]
[EventRounds "12"]
[EventCountry "CHN"]
[SourceTitle "EXT 2009"]
[Source "ChessBase"]
[SourceDate "2008.11.26"]
[SourceVersion "1"]
[SourceVersionDate "2008.11.26"]
[SourceQuality "1"]

1. e4 e6 2. d4 d5 3. Nc3 Nf6 4. e5 Nfd7 5. f4 c5 6. Nf3 Nc6 7. Be3 Be7 8. Qd2
O-O 9. Be2 a6 10. O-O b5 11. a3 Qb6 12. Nd1 a5 13. c3 a4 14. Bd3 Na5 15. Qf2 f5
16. exf6 Nxf6 17. dxc5 Qc7 18. Nd4 Bd7 19. c6 Nxc6 20. Nxc6 Qxc6 21. Bd4 Bd6
22. Ne3 Be8 23. Qh4 Bg6 24. f5 exf5 25. Bxf5 Rae8 26. Bxg6 hxg6 27. Qg5 Bc5 28.
Bxc5 Qxc5 29. Rae1 Re6 30. Kh1 Rfe8 31. Rf3 Ne4 32. Qf4 Rf6 33. Qh4 Rxf3 34.
gxf3 g5 35. Qh5 Nf2+ 36. Kg2 Rxe3 0-1

[Event "Kuala Lumpur MCF"]
[Site "Kuala Lumpur"]
[Date "2008.08.29"]
[Round "4"]
[White "Zhang, Xiaowen"]
[Black "Myo, Zaw Min"]
[Result "1-0"]
[WhiteElo "2382"]
[BlackElo "2486"]
[PlyCount "85"]
[EventDate "2008.08.26"]
[EventType "tourn"]
[EventRounds "10"]
[EventCountry "MAS"]
[EventCategory "9"]
[SourceTitle "CBM 126 Extra"]
[Source "ChessBase"]
[SourceDate "2008.11.05"]
[SourceVersion "1"]
[SourceVersionDate "2008.11.05"]
[SourceQuality "1"]

1. e4 c5 2. Nf3 Nc6 3. d4 cxd4 4. Nxd4 Nf6 5. Nc3 e5 6. Ndb5 d6 7. Bg5 a6 8.
Na3 b5 9. Nd5 Be7 10. Bxf6 Bxf6 11. c4 b4 12. Nc2 a5 13. Qf3 Be6 14. Rd1 Bxd5
15. cxd5 Nb8 16. Bb5+ Nd7 17. Bc6 Rb8 18. Qh3 Ke7 19. Ne3 g6 20. Rc1 Nc5 21.
Rxc5 dxc5 22. Nc4 Kf8 23. Qe3 Qe7 24. d6 Qa7 25. f4 exf4 26. Qxf4 Bd4 27. e5
Kg8 28. Qf6 h5 29. Rf1 Rf8 30. Qe7 Qb8 31. Bd5 Rh7 32. d7 Qd8 33. Bxf7+ Kg7 34.
Qxd8 Rxd8 35. e6 Bf6 36. Nd6 Bg5 37. Be8 Bf6 38. Bf7 Bg5 39. Ne8+ Kh6 40. Nf6
Bxf6 41. Rxf6 Rhh8 42. Rxg6+ Kh7 43. Rg8 1-0

[Event "Kuala Lumpur MCF"]
[Site "Kuala Lumpur"]
[Date "2008.09.04"]
[Round "10"]
[White "Myo, Zaw Min"]
[Black "Zhang, Xiaowen"]
[Result "0-1"]
[WhiteElo "2486"]
[BlackElo "2382"]
[PlyCount "52"]
[EventDate "2008.08.26"]
[EventType "tourn"]
[EventRounds "10"]
[EventCountry "MAS"]
[EventCategory "9"]
[SourceTitle "CBM 126 Extra"]
[Source "ChessBase"]
[SourceDate "2008.11.05"]
[SourceVersion "1"]
[SourceVersionDate "2008.11.05"]
[SourceQuality "1"]

1. Nf3 Nf6 2. b3 d6 3. Bb2 e5 4. d3 g6 5. g3 Bg7 6. Bg2 Nc6 7. O-O O-O 8. c4 h6
9. Nc3 Be6 10. Rc1 Qd7 11. Re1 Bh3 12. Bh1 Ng4 13. Nd5 f5 14. Rc2 g5 15. Nd2
Nd4 16. Rc1 f4 17. Ne4 c6 18. Ndc3 Kh8 19. Ba3 Rf7 20. Bxd6 fxg3 21. fxg3 Bf8
22. Bxf8 Raxf8 23. Qd2 Nc2 24. Bg2 Bxg2 25. Qxc2 Ne3 26. Qb2 Qh3 0-1

[Event "CHN-ch (Women)"]
[Site "Xinghua"]
[Date "2013.04.22"]
[Round "6"]
[White "Zhang, Xiaowen"]
[Black "Guo, Qi"]
[Result "1-0"]
[WhiteElo "2367"]
[BlackElo "2439"]
[PlyCount "95"]
[EventDate "2013.04.16"]
[EventType "tourn"]
[EventRounds "11"]
[EventCountry "CHN"]
[EventCategory "3"]
[SourceTitle "CBM 154 Extra"]
[Source "ChessBase"]
[SourceDate "2013.06.25"]
[SourceVersion "2"]
[SourceVersionDate "2013.06.25"]
[SourceQuality "1"]

1. e4 c6 2. d4 d5 3. exd5 cxd5 4. c4 Nf6 5. Nc3 Nc6 6. Bf4 Bg4 7. f3 Be6 8. c5
g6 9. Bb5 Bg7 10. Nge2 a6 11. Bxc6+ bxc6 12. Qa4 Bd7 13. O-O O-O 14. Ng3 Ne8
15. Rfe1 e6 16. Nge2 f6 17. Nc1 Nc7 18. Qd1 Re8 19. Nd3 Nb5 20. Nxb5 axb5 21.
b3 Qa5 22. Bd2 Qc7 23. f4 h6 24. Bc3 g5 25. fxg5 hxg5 26. Qh5 Re7 27. Re3 Be8
28. Qe2 Bf7 29. h4 gxh4 30. Qg4 Qd7 31. Qxh4 Kf8 32. Rg3 Bg8 33. Nf4 Bf7 34.
Rf1 Rxa2 35. Qh7 Be8 36. Nd3 f5 37. Ne5 Qc7 38. Rg5 Re2 39. g4 Rxe5 40. dxe5
Rf7 41. gxf5 Qe7 42. f6 Qxc5+ 43. Kg2 Bxf6 44. Rg8+ Ke7 45. exf6+ Kd7 46. Qd3
Qa7 47. Ra1 Qc7 48. Bd4 1-0

[Event "CHN-chT"]
[Site "China"]
[Date "2013.04.30"]
[Round "1.5"]
[White "Zhao, Xue"]
[Black "Zhang, Xiaowen"]
[Result "0-1"]
[WhiteElo "2565"]
[BlackElo "2367"]
[PlyCount "270"]
[EventDate "2013.04.30"]
[EventType "team-tourn"]
[EventRounds "22"]
[EventCountry "CHN"]
[SourceTitle "CBM 154 Extra"]
[Source "ChessBase"]
[SourceDate "2013.06.25"]
[SourceVersion "2"]
[SourceVersionDate "2013.06.25"]
[SourceQuality "1"]
[WhiteTeam "Beijing"]
[BlackTeam "Shanghai"]
[WhiteTeamCountry "CHN"]
[BlackTeamCountry "CHN"]

1. c4 Nf6 2. Nc3 g6 3. Nf3 Bg7 4. g3 O-O 5. Bg2 d6 6. O-O Nc6 7. d3 e5 8. b3
Bd7 9. Ba3 Qc8 10. Re1 Bh3 11. Bh1 Qf5 12. Qd2 h6 13. Rac1 Ng4 14. Nd5 Qd7 15.
b4 f5 16. b5 Nd8 17. d4 c6 18. bxc6 bxc6 19. dxe5 cxd5 20. Qxd5+ Ne6 21. Bxd6
Rfe8 22. Rb1 Kh7 23. Rb7 Qa4 24. Nd4 Ng5 25. Nc6 Rac8 26. Be7 Rxc6 27. Qxc6 Qa5
28. Bb4 Qxe5 29. Qd6 Qf6 30. Qd2 Kh8 31. Rd1 Ne4 32. Qd7 Rg8 33. Be1 Nc5 34.
Qc6 Qe5 35. Rxg7 Rxg7 36. Qf3 Ne4 37. Qd3 Kh7 38. Qd4 Qxd4 39. Rxd4 Rb7 40. Rd1
Re7 41. Rc1 Nc5 42. Bb4 Rc7 43. Rd1 Nf6 44. Ba5 Rd7 45. Rb1 g5 46. Bc6 Rd6 47.
Ba8 Kg6 48. f3 h5 49. a3 f4 50. gxf4 gxf4 51. Kf2 Ne6 52. Rc1 Nd7 53. Rg1+ Kh6
54. Bc3 Ng5 55. c5 Nxc5 56. Be5 Rd8 57. Bxf4 Nce6 58. Bxg5+ Nxg5 59. Bc6 Be6
60. Rb1 Rc8 61. Ba4 Rc3 62. h4 Nh3+ 63. Kg3 Rxa3 64. Bb5 Rc3 65. Rd1 Rc7 66.
Rd6 Rg7+ 67. Kh2 Rg6 68. e3 Ng1 69. Bc6 Ne2 70. Be8 Bf7 71. Rd8 Bxe8 72. Rxe8
Ng3 73. e4 Nf1+ 74. Kh1 Nd2 75. Rf8 a5 76. Kh2 Ra6 77. e5 a4 78. e6 Rxe6 79.
Ra8 Nxf3+ 80. Kg3 Nd4 81. Rxa4 Nf5+ 82. Kf3 Kg6 83. Rb4 Ra6 84. Rc4 Kf6 85. Rb4
Rd6 86. Ra4 Rd3+ 87. Ke4 Rd1 88. Kf3 Rf1+ 89. Kg2 Ne3+ 90. Kg3 Rf5 91. Ra6+ Ke5
92. Ra5+ Nd5 93. Ra8 Rf4 94. Re8+ Kd4 95. Rg8 Ke3 96. Re8+ Re4 97. Rg8 Nf6 98.
Rg5 Rg4+ 99. Kh3 Kf4 100. Ra5 Rg3+ 101. Kh2 Ng4+ 102. Kh1 Rh3+ 103. Kg2 Rh2+
104. Kg1 Rxh4 105. Rb5 Rh3 106. Kg2 Rg3+ 107. Kh1 h4 108. Rb4+ Kf3 109. Rb3+
Ne3 110. Kh2 Kg4 111. Rb4+ Kg5 112. Rb5+ Nf5 113. Rb8 Re3 114. Rg8+ Kf4 115.
Rg6 Rg3 116. Rf6 Kg5 117. Rf8 Nd4 118. Kh1 Kg4 119. Rd8 Nf5 120. Kh2 Rh3+ 121.
Kg1 Rc3 122. Rg8+ Kh3 123. Kf2 Nh6 124. Rg1 Ng4+ 125. Ke2 Rc2+ 126. Kf3 Rf2+
127. Ke4 Rg2 128. Rf1 Nf2+ 129. Kf3 Ng4 130. Rh1+ Nh2+ 131. Kf4 Rf2+ 132. Ke3
Kg3 133. Rg1+ Rg2 134. Ra1 h3 135. Ke4 Nf3 0-1

[Event "CHN Masters (Women) 3rd"]
[Site "Wuxi"]
[Date "2013.06.05"]
[Round "5"]
[White "Ju, Wenjun"]
[Black "Zhang, Xiaowen"]
[Result "0-1"]
[WhiteElo "2544"]
[BlackElo "2367"]
[PlyCount "80"]
[EventDate "2013.05.31"]
[EventType "tourn"]
[EventRounds "9"]
[EventCountry "CHN"]
[EventCategory "8"]
[SourceTitle "CBM 154 Extra"]
[Source "ChessBase"]
[SourceDate "2013.06.25"]
[SourceVersion "2"]
[SourceVersionDate "2013.06.25"]
[SourceQuality "1"]

1. d4 d6 2. Nf3 g6 3. e4 Bg7 4. c3 Nf6 5. Bd3 O-O 6. O-O Nc6 7. h3 e5 8. Re1 h6
9. Na3 Nh5 10. Bf1 Qf6 11. Nc2 Nf4 12. Bxf4 Qxf4 13. g3 Qf6 14. Ne3 exd4 15.
Nd5 Qd8 16. cxd4 Ne7 17. Nc3 c5 18. d5 a6 19. a4 Rb8 20. a5 b6 21. axb6 Rxb6
22. Qc2 g5 23. Nd2 Ng6 24. Nc4 Rb4 25. Ra2 Ne5 26. Nxe5 Bxe5 27. Nd1 Qf6 28.
Qe2 Re8 29. Qh5 Bd4 30. Bxa6 Bxa6 31. Rxa6 Rxb2 32. Rf1 Rb3 33. Ne3 Rxe4 34.
Ra2 Kg7 35. g4 Rexe3 36. fxe3 Bxe3+ 37. Kg2 Rb2+ 38. Rxb2 Qxb2+ 39. Kf3 Bf4 40.
Rf2 Qc3+ 0-1